| 000 -LEADER |
| fixed length control field |
nam a22 a 4500 |
| 003 - CONTROL NUMBER IDENTIFIER |
| control field |
AKMAL |
| 005 - DATE AND TIME OF LATEST TRANSACTION |
| control field |
20170413121625.0 |
| 008 - FIXED-LENGTH DATA ELEMENTS--GENERAL INFORMATION |
| fixed length control field |
s2000 myb e 001 0 eng |
| 020 ## - INTERNATIONAL STANDARD BOOK NUMBER |
| International Standard Book Number |
9679787370 (v. 2 : pbk.): |
| Terms of availability |
RM13.00 |
| 040 ## - CATALOGING SOURCE |
| Original cataloging agency |
AKMAL |
| 082 04 - DEWEY DECIMAL CLASSIFICATION NUMBER |
| Classification number |
337.595 |
| Edition number |
21 |
| 090 00 - LOCALLY ASSIGNED LC-TYPE CALL NUMBER (OCLC); LOCAL CALL NUMBER (RLIN) |
| Classification number (OCLC) (R) ; Classification number, CALL (RLIN) (NR) |
337.595 |
| Local cutter number (OCLC) ; Book number/undivided call number, CALL (RLIN) |
MAH |
| 100 0# - MAIN ENTRY--PERSONAL NAME |
| Personal name |
Mahathir Mohamad, |
| Titles and words associated with a name |
Tun, |
| Dates associated with a name |
1925- |
| 9 (RLIN) |
41 |
| 245 10 - TITLE STATEMENT |
| Title |
Globalisation, smart partnership and government / |
| Statement of responsibility, etc. |
selected speeches by Dr Mahathir Mohamad, Prime Minister of Malaysia ; edited by Hashim Makaruddin |
| 260 ## - PUBLICATION, DISTRIBUTION, ETC. |
| Place of publication, distribution, etc. |
Subang Jaya : |
| Name of publisher, distributor, etc. |
Pelanduk Publications (M), |
| Date of publication, distribution, etc. |
2000 |
| 300 00 - PHYSICAL DESCRIPTION |
| Extent |
v. (various pagings) ; |
| Dimensions |
22cm. |
| 500 ## - GENERAL NOTE |
| General note |
Includes index |
| 500 ## - GENERAL NOTE |
| General note |
Koleksi Peribadi YABhg. Tun Ahmad Sarji (2103052) |
| 650 10 - SUBJECT ADDED ENTRY--TOPICAL TERM |
| Topical term or geographic name entry element |
Speeches, addresses, etc. |
| 9 (RLIN) |
54 |
| 650 20 - SUBJECT ADDED ENTRY--TOPICAL TERM |
| Topical term or geographic name entry element |
Business and politics |
| General subdivision |
Addresses, essays, lectures |
| Geographic subdivision |
Malaysia |
| 9 (RLIN) |
114 |
| 651 #0 - SUBJECT ADDED ENTRY--GEOGRAPHIC NAME |
| Geographic name |
Malaysia |
| General subdivision |
Foreign economic relations |
| -- |
Addresses, essays, lectures |
| 9 (RLIN) |
115 |
| 651 #0 - SUBJECT ADDED ENTRY--GEOGRAPHIC NAME |
| Geographic name |
Malaysia |
| General subdivision |
Economic policy |
| -- |
Addresses, essays, lectures |
| 9 (RLIN) |
116 |
| 700 0# - ADDED ENTRY--PERSONAL NAME |
| Personal name |
Hashim Makaruddin |
| 9 (RLIN) |
58 |
| 942 ## - ADDED ENTRY ELEMENTS (KOHA) |
| Source of classification or shelving scheme |
|
| Koha item type |
Book |